02276cam a22003974i 4500003000900000005001700009008004100026020001500067020001800082035002000100040003300120082001700153100002700170245009100197264003800288300003600326336002100362337002500383338002300408504004900431504003400480505119600514526001001710526001001720526001001730526001001740526000801750526000801758526000801766526000801774526000801782526000801790526000801798650002301806650004901829PE-LiUPU20250731172904.0170120s2016 xxu rb 001 0 eng d a0310587786 a9780310587781 a(Sirsi) a166320 aPE-LiUPUbspacPE-LiUPUerda04a241bR152231 aRae, Scott B.,eautor.10aIntroducing Christian ethics :ba short guide to making moral choices /cScott B. Rae. 1aGrand Rapids :bZondervan,c2016. a189 páginas ;c24 centimetros atext2rdacontent aunmediated2rdamedia avolume2rdacarrier aBibliografía:páginas final de cada tema. aÍndices: páginas 185-189.0 aStarting at the beginning: what's so good about being good? -- Theological ethics: where does morality come from? -- Cultural views of morality: why can't we make up our own moral rules for ourselves? -- Making ethical decisions: when I'm in a moral dilemma, what do I do? -- Abortion: how can you say that a pregnant seventeen-year-old, for whom having the baby will ruin her life, is doing something wrong by having an abortion? -- Reproductive technologies: what do you say to infertile couples about the hi-tech ways to have a baby? -- Genetics and biotechnology: what do you tell couples who want to use biotechnology to produce designer children? -- Death, dying, and assisted suicide: don't people have a fundamental right to die? -- Capital punishment: isn't the death penalty a barbaric holdover from uncivilized cultures that should be done away with today? -- War and morality: in view of the Bible's teaching to love your enemies, why isn't every Christian a pacifist? -- Sexual ethics: shouldn't people be able to love and have sex with whomever they choose? -- Christian ethics, economics, and the workplace: how does my work connect to my spiritual life and my service to God? aSEG42 aSEG41 aSEG40 aSEG39 aP94 aP87 aP86 aP85 aP77 aP76 aP3504aÉtica cristiana.04aÉtica Cristiana.2fast0(OCoLC)fst00859107